المكائن و المعدات الإنشائية : (رقم التسجيلة. 8006)

تفاصيل مارك
000 -LEADER
fixed length control field 00626nam a22001577a 4500
005 - DATE AND TIME OF LATEST TRANSACTION
control field 20251108164253.0
008 - FIXED-LENGTH DATA ELEMENTS--GENERAL INFORMATION
fixed length control field 250721s1989 xx 000 0 ara d
082 14 - DEWEY DECIMAL CLASSIFICATION NUMBER
Classification number 621.51/باس
100 1# - MAIN ENTRY--PERSONAL NAME
Personal name ستراك، باسل جميل
245 10 - TITLE STATEMENT
Title المكائن و المعدات الإنشائية :
Remainder of title الحفارات الميكانيكية و الهيدروليكية /
264 1# - PRODUCTION, PUBLICATION, DISTRIBUTION, MANUFACTURE, AND COPYRIGHT NOTICE
Place of production, publication, distribution, manufacture بغداد :
Name of producer, publisher, distributor, manufacturer وزارة التعليم العالي و البحث العلمي،
Date of production, publication, distribution, manufacture, or copyright notice 1989.
650 17 - SUBJECT ADDED ENTRY--TOPICAL TERM
Topical term or geographic name as entry element المكنات الهيدروليكية
700 1# - ADDED ENTRY--PERSONAL NAME
Personal name البغدادي، علاء حسام الدين
942 ## - ADDED ENTRY ELEMENTS (KOHA)
Source of classification or shelving scheme Dewey Decimal Classification
Koha item type كتب
المقتنيات
حالة السحب حالة الفقدان مصدر التصنيف حالة التلف غير قابل للإعارة المكتبة الرئيسية المكتبة الحالية موقع الرف تاريخ التزويد الرقم المتسلسل Total Checkouts رقم الإستدعاء الباركود تاريخ آخر ظهور تاريخ الفاتورة نوع المادة (كوها)
    Dewey Decimal Classification     المكتبة المركزية المكتبة المركزية الإعارة 06/07/2004 179660   621.51/باس 179660 28/07/2025 06/07/2004 كتب
Implemented & Customized by: BBB with SCIT (Smart Chains for Information Technology)

Powered by Koha